000 00600nam a2200181 a 4500
001 001163022
003 AM-YeHGA
005 20250617152504.0
008 160711s1948 ||| r 000 0 rus d
040 _aAM-YeHGA
041 0 _arus
100 1 _aЕлизарова, М.
245 1 0 _aПьесы :
_bДля кружков художественной самодеятельности города и деревни /
_cМ. Елизарова.
260 _aКазань :
_bТатгосиздат,
_c1948.
300 _a80 с.
653 0 _aРусская литература
090 _c373570
999 _c371691
_d371691